| 000 | 00489nam a2200169Ia 4500 | ||
|---|---|---|---|
| 003 | GCL | ||
| 008 | 140319s9999 xx 000 0 ara d | ||
| 040 |
_aGCL / _cGCL |
||
| 082 | 0 | 4 |
_aد _b050 |
| 100 | 1 | _aمحمد زغلول سلام | |
| 245 | 1 | 0 |
_aالقومية العربية فى الادب الحديث (اقرا203 ) / _cمحمد زغلول سلام |
| 300 | _a148 | ||
| 490 |
_aاقرأ _v0 |
||
| 650 | 0 | 4 | _aالادب |
| 650 | 0 | 4 | _aالقومية العربية |
| 942 |
_2ddc _cBK |
||
| 999 |
_c48865 _d48865 |
||